IBM Pc assembly language and programming (Record no. 5092)

MARC details
000 -LEADER
fixed length control field 00557nam a2200169Ia 4500
003 - CONTROL NUMBER IDENTIFIER
control field SGT
020 ## - INTERNATIONAL STANDARD BOOK NUMBER
International Standard Book Number 9788120320949
082 ## - DEWEY DECIMAL CLASSIFICATION NUMBER
Classification number 5.265
Item number PET
100 ## - MAIN ENTRY--PERSONAL NAME
Personal name Abel,Peter
245 ## - TITLE STATEMENT
Title IBM Pc assembly language and programming
250 ## - EDITION STATEMENT
Edition statement 5th Ed.
260 ## - PUBLICATION, DISTRIBUTION, ETC. (IMPRINT)
Name of publisher, distributor, etc PHI Learning Private Limited
Place of publication, distribution, etc New Delhi
Year of Publication 2001
300 ## - PAGE DESCRIPTION
No. of Pages 545p.
650 ## - SUBJECT ADDED ENTRY--TOPICAL TERM
Topical term or geographic name as entry element COMPUTER SCIENCE
653 ## - KEYWORDS--INDEX TERM
Keyword term FUNDAMENTALS OF PC HARDWARE AND SOFTWARE,FUNDAMENTALS OF ASSEMBLY LANGUAGE ,VIDEO AND KEYBOARD OPERATIONS,DATA MANIPULATION,ADVANCED INPUT/OUTPUT,SPECIAL TOPICS
942 ## - ADDED ENTRY ELEMENTS (KOHA)
Source of classification or shelving scheme Dewey Decimal Classification
Koha item type Books
942 ## - ADDED ENTRY ELEMENTS (KOHA)
-- 1
Holdings
Withdrawn status Lost status Source of classification or shelving scheme Damaged status Not for loan Home library Current library Date acquired SGTU Total Checkouts Full call number Accession No. (Barcode) Date last seen Bill Date Koha item type Total Renewals Date last borrowed
    Dewey Decimal Classification     SGT Engineering Library SGT Engineering Library 14/05/2010 SGTU   5.265 PET FE2512 09/02/2015 09/02/2015 Books    
    Dewey Decimal Classification     SGT Engineering Library SGT Engineering Library 14/05/2010 SGTU   5.265 PET FE2513 09/02/2015 09/02/2015 Books    
    Dewey Decimal Classification     SGT Engineering Library SGT Engineering Library 14/05/2010 SGTU   5.265 PET FE2514 09/02/2015 09/02/2015 Books    
    Dewey Decimal Classification     SGT Engineering Library SGT Engineering Library 06/09/2012 SGTU 2 5.265 PET FE5572 19/12/2024 09/02/2015 Books 2 21/11/2024
    Dewey Decimal Classification     SGT Engineering Library SGT Engineering Library 06/09/2012 SGTU   5.265 PET FE5573 09/02/2015 09/02/2015 Books